Movies Quiz

Random Movies or Actor Quiz

Actors by movies they're in part 5 Quiz Stats

 Plays Quiz not verified by Sporcle

Support Sporcle.
Go Orange.
Score 0/10 Timer 01:30
0 Plays Today
% Correct
The Big Chill, Jurassic Park 1 and 2, Independence Day
96.2%
I Am Sam, The Cat In The Hat, War Of The Worlds
90.6%
Along Came Polly, Charlie Wilson's War, Doubt
89.1%
St Elmo's Fire, Wayne's World, Austin Powers: The Spy Who Shagged Me
87.6%
Minority Report, In Bruges, Horrible Bosses
87.6%
Bugsy, Schindler's List, The Love Guru
85.3%
Father Of The Bride 1 and 2, The Santa Clause 3, Madagascar 3
84.6%
The Princess Bride, Clueless, Toy Story 1, 2 and 3
84.2%
The Cable Guy, Big Daddy, Funny People
82%
Philadelphia, Elf, Step Brothers
82%

You're not logged in!

Compare scores with friends on all Sporcle quizzes.
OR
Log In

From the Vault

'All-' Vocabulary

by jar514

This quiz will teach you ALL the vocabulary.
Remove Ads.
Support Sporcle.
Get the best of Sporcle when you Go Orange. This ad-free experience offers more features, more stats, and more fun while also helping to support Sporcle. Thank you for becoming a member.

Show Comments

Extras

Created Sep 19, 2013ReportNominate
Tags:Actor Quiz, Clickable Quiz

Top Quizzes Today


Score Distribution

Your Account Isn't Verified!

In order to create a playlist on Sporcle, you need to verify the email address you used during registration. Go to your Sporcle Settings to finish the process.

Report this User

Report this user for behavior that violates our Community Guidelines.

Details: